Hacia la creación de un movimiento social derecho: las clases dominantes salvadoreñas
Se intenta observar el comportamiento del grupo empresarial , en una coyuntura determinada, buscando caracterizar el conflicto que se establece en esta clase y la actual administración de Napoleón Duarte se intenta también buscar los principales elementos de la propuesta que levanta el sector privad...
Salvato in:
| Natura: | testo |
|---|---|
| Soggetti: | |
| Tags: |
Aggiungi Tag
Nessun Tag, puoi essere il primo ad aggiungerne!!
|
MARC
| LEADER | 00000 a a2200000 04500 | ||
|---|---|---|---|
| 001 | 4355 | ||
| 003 | |||
| 040 | |||
| 245 | |a Hacia la creación de un movimiento social derecho: |b las clases dominantes salvadoreñas | ||
| 520 | |a Se intenta observar el comportamiento del grupo empresarial , en una coyuntura determinada, buscando caracterizar el conflicto que se establece en esta clase y la actual administración de Napoleón Duarte se intenta también buscar los principales elementos de la propuesta que levanta el sector privado. Se busca determinar el nivel de organización corporativo de las clases dominantes en El Salvador. OB/EL | ||
| 650 | |a MOVIMIENTOS SOCIALES | ||
| 650 | |a CLASES SOCIALES | ||
| 650 | |a PROBLEMAS SOCIALES | ||
| 650 | |a BURGUESIA | ||
| 650 | |a FUERZAS ARMADAS | ||
| 650 | |a GUERRA | ||
| 650 | |a ESTADO | ||
| 650 | |a SINDICALISMO | ||
| 650 | |a EMPRESAS PRIVADAS | ||
| 773 | |g número 3; páginas 31-53 | ||
| 999 | |c 39214 |d 39214 | ||
